U.S. Presidents by Secretaries of State - Statistics

General Stats
  • This quiz has been taken 17 times
  • The average score is 12 of 45
Answer Stats
Hint Answer % Correct
Thomas Jefferson, Edmund Randolph, Timothy Pickering Washington
87%
Colin Powell, Condoleezza Rice G.W. Bush
80%
Hillary Clinton, John Kerry Obama
73%
Warren Christopher, Madeleine Albright Clinton
60%
James Madison Jefferson
60%
William P. Rogers, Henry Kissinger Nixon
60%
Rex Tillerson, Mike Pompeo, Marco Rubio Trump
60%
Antony Blinken Biden
53%
John Quincy Adams Monroe
53%
Cyrus Vance, Edmund Muskie Carter
40%
Timothy Pickering, John Marshall J. Adams
40%
Robert Smith, James Monroe Madison
33%
Alexander Haig, George Shultz Reagan
33%
John Foster Dulles, Christian Herter Eisenhower
27%
James Baker, Lawrence Eagleburger G.H.W. Bush
27%
Martin Van Buren, Edward Livingston, Louis McLane, John Forsyth Jackson
27%
Henry Clay J.Q. Adams
27%
William H. Seward Lincoln
27%
James G. Blaine, John W. Foster B. Harrison
20%
Cordell Hull, Edward Stettinius F. Roosevelt
20%
Edward Stettinius, James F. Byrnes, George C. Marshall, Dean Acheson Truman
20%
William Jennings Bryan, Robert Lansing, Bainbridge Colby Wilson
20%
Lewis Cass, Jeremiah S. Black Buchanan
13%
Thomas F. Bayard, Walter Q. Gresham, Richard Olney Cleveland
13%
Charles Evans Hughes, Frank B. Kellogg Coolidge
13%
John M. Clayton, Daniel Webster, Edward Everett Fillmore
13%
Charles Evans Hughes Harding
13%
Frank B. Kellogg, Henry L. Stimson Hoover
13%
Dean Rusk Kennedy
13%
Dean Rusk L. Johnson
13%
John Sherman, William R. Day, John Hay McKinley
13%
James Buchanan Polk
13%
Daniel Webster W.H. Harrison
13%
William H. Seward A. Johnson
7%
James G. Blaine, Frederick T. Frelinghuysen Arthur
7%
Henry Kissinger Ford
7%
James G. Blaine Garfield
7%
Elihu B. Washburne, Hamilton Fish Grant
7%
William M. Evarts Hayes
7%
William L. Marcy Pierce
7%
Philander C. Knox Taft
7%
John M. Clayton Taylor
7%
John Hay, Elihu Root, Robert Bacon T. Roosevelt
7%
Daniel Webster, Abel P. Upshur, John C. Calhoun Tyler
7%
John Forsyth Van Buren
7%
No matching quizzes found
Score Distribution
Percent of People with Each Score
Percentile by Number Answered
Your Score History
You have not taken this quiz